000 00431nam a2200193Ia 4500
005 20240823012645.0
008 240823s9999||||xx |||||||||||||| ||und||
020 _a0-671-01564-8
041 _aENGLISH
082 _A813.54 N5
100 _a"Lipman,Elinor"
245 0 _aIsabel s Bed
250 _a1st
260 _c1995
_b"Pockets Books,L"
500 _aYES
650 _aStory
_bGeneral
942 _cBK
999 _c165024
_d165024